<?xml version="1.0" encoding="UTF-8"?>
<record
    xmlns:xsi="http://www.w3.org/2001/XMLSchema-instance"
    xsi:schemaLocation="http://www.loc.gov/MARC21/slim http://www.loc.gov/standards/marcxml/schema/MARC21slim.xsd"
    xmlns="http://www.loc.gov/MARC21/slim">

  <leader>00503nam a22001577a 4500</leader>
  <controlfield tag="008">200827b           ||||| |||| 00| 0 eng d</controlfield>
  <datafield tag="020" ind1=" " ind2=" ">
    <subfield code="a">9789388818292</subfield>
  </datafield>
  <datafield tag="050" ind1=" " ind2=" ">
    <subfield code="a">QA 276.6 .S52 2020</subfield>
  </datafield>
  <datafield tag="100" ind1=" " ind2=" ">
    <subfield code="a">Singh, Daroga</subfield>
  </datafield>
  <datafield tag="245" ind1=" " ind2=" ">
    <subfield code="a">Theory and analysis of sample survey designs /</subfield>
    <subfield code="c">Daroga Singh</subfield>
  </datafield>
  <datafield tag="250" ind1=" " ind2=" ">
    <subfield code="a">2nd ed </subfield>
  </datafield>
  <datafield tag="260" ind1=" " ind2=" ">
    <subfield code="a">New Delhi:</subfield>
    <subfield code="b">New Age International,</subfield>
    <subfield code="c">2020.</subfield>
  </datafield>
  <datafield tag="300" ind1=" " ind2=" ">
    <subfield code="a">xi,380p. :</subfield>
    <subfield code="b">ill. ;</subfield>
    <subfield code="c">24cm.</subfield>
  </datafield>
  <datafield tag="521" ind1=" " ind2=" ">
    <subfield code="a">Includes index.</subfield>
  </datafield>
  <datafield tag="942" ind1=" " ind2=" ">
    <subfield code="2">lcc</subfield>
    <subfield code="c">BOOKS</subfield>
    <subfield code="h">QA 276.6 .S52 2020</subfield>
  </datafield>
  <datafield tag="999" ind1=" " ind2=" ">
    <subfield code="c">30670</subfield>
    <subfield code="d">30670</subfield>
  </datafield>
  <datafield tag="952" ind1=" " ind2=" ">
    <subfield code="0">0</subfield>
    <subfield code="1">0</subfield>
    <subfield code="2">lcc</subfield>
    <subfield code="4">0</subfield>
    <subfield code="7">0</subfield>
    <subfield code="a">MUC</subfield>
    <subfield code="b">MUC</subfield>
    <subfield code="c">GEN</subfield>
    <subfield code="d">2020-08-27</subfield>
    <subfield code="e">Purchase</subfield>
    <subfield code="g">2117.00</subfield>
    <subfield code="l">2</subfield>
    <subfield code="o">QA 276.6 .S52 2020</subfield>
    <subfield code="p">23337</subfield>
    <subfield code="r">2023-11-09</subfield>
    <subfield code="s">2023-10-24</subfield>
    <subfield code="w">2020-08-27</subfield>
    <subfield code="y">BOOKS</subfield>
  </datafield>
  <datafield tag="952" ind1=" " ind2=" ">
    <subfield code="0">0</subfield>
    <subfield code="1">0</subfield>
    <subfield code="2">lcc</subfield>
    <subfield code="4">0</subfield>
    <subfield code="7">0</subfield>
    <subfield code="a">MUC</subfield>
    <subfield code="b">MUC</subfield>
    <subfield code="c">GEN</subfield>
    <subfield code="d">2020-08-27</subfield>
    <subfield code="e">Purchase</subfield>
    <subfield code="g">2117.00</subfield>
    <subfield code="l">4</subfield>
    <subfield code="o">QA 276.6 .S52 2020</subfield>
    <subfield code="p">23336</subfield>
    <subfield code="r">2023-12-14</subfield>
    <subfield code="s">2023-11-29</subfield>
    <subfield code="w">2020-08-27</subfield>
    <subfield code="y">BOOKS</subfield>
  </datafield>
  <datafield tag="952" ind1=" " ind2=" ">
    <subfield code="0">0</subfield>
    <subfield code="1">0</subfield>
    <subfield code="2">lcc</subfield>
    <subfield code="4">0</subfield>
    <subfield code="7">0</subfield>
    <subfield code="a">MUC</subfield>
    <subfield code="b">MUC</subfield>
    <subfield code="c">GEN</subfield>
    <subfield code="d">2021-02-09</subfield>
    <subfield code="e">Donation(educate yourself)</subfield>
    <subfield code="g">2371.00</subfield>
    <subfield code="l">0</subfield>
    <subfield code="o">QA 276.6 .S56 2020</subfield>
    <subfield code="p">23582</subfield>
    <subfield code="r">2021-02-25</subfield>
    <subfield code="w">2021-02-09</subfield>
    <subfield code="y">BOOKS</subfield>
  </datafield>
  <datafield tag="952" ind1=" " ind2=" ">
    <subfield code="0">0</subfield>
    <subfield code="1">0</subfield>
    <subfield code="2">lcc</subfield>
    <subfield code="4">0</subfield>
    <subfield code="7">0</subfield>
    <subfield code="a">MUC</subfield>
    <subfield code="b">MUC</subfield>
    <subfield code="c">GEN</subfield>
    <subfield code="d">2022-03-07</subfield>
    <subfield code="e">Purchase - Corporate Campus</subfield>
    <subfield code="l">3</subfield>
    <subfield code="o">QA 276.6 .S52 2020</subfield>
    <subfield code="p">39123</subfield>
    <subfield code="r">2025-12-16</subfield>
    <subfield code="s">2025-12-09</subfield>
    <subfield code="w">2022-03-11</subfield>
    <subfield code="y">BOOKS</subfield>
  </datafield>
</record>
